00406 a2200157 4500003000400000005001700004008004100021020001800062040000900080082002000089100004500109245003900154250001200193260003300205300001000238OSt20260305114718.0231207b |||||||| |||| 00| 0 eng d a9788126422517 coclc a894.8123bNAI/D1 aVāsudēvan Nāyar, Eṃ. Ti.,d1933- aDar-S-Salam /cM.T. Vasudevan Nair a7th ed. aKottayam:bD C Books,c2023. a104p.